Comment lutter? : sociologie et mouvements sociaux

Αποθηκεύτηκε σε:
Λεπτομέρειες βιβλιογραφικής εγγραφής
Κύριος συγγραφέας: Mathieu, Lilian
Μορφή: Βιβλίο
Γλώσσα:French
Δημοσίευση: Paris : Textuel, c2004
Σειρά:Collection La discorde ; ; 20
Θέματα:
Ετικέτες: Προσθήκη ετικέτας
Δεν υπάρχουν, Καταχωρήστε ετικέτα πρώτοι!

MARC

LEADER 00000nam a2200000 i 4500
001 1/48971
008 070724s2004 fre d
020 |a 2-84597-126-5 
035 |l 10089064 
040 |a GR-MY-UA  |b gre  |e aacr 
041 0 |a fre 
082 0 |a 303.484  |2 (22) 
100 1 |a Mathieu, Lilian. 
245 1 0 |a Comment lutter? :  |b sociologie et mouvements sociaux /  |c Lilian Mathieu 
260 |a Paris :   |b Textuel,   |c c2004 
300 |a 206 σ.;  |c 19 εκ. 
490 1 |a La discorde. Collection dirigee  |v ; 20 
504 |a Βιβλιογραφία: σ. 193-206 
650 0 0 |a Social movements. 
650 0 0 |a Social action. 
830 0 |a Collection La discorde ;  |v ; 20 
852 |a INST  |b LESVOS  |e 20070724  |h 303.484 MAT  |p 005100041466  |q 005100041466  |t BK  |y 0 
901 |a BIBL1-2007-2 
909 |a Λ  |b 136906 
922 |a 1ΕΛΗ  |b 200707  |c ΕΠΕΑΕΚ2/ΤΚ  |d ΕΛΕΥΘΕΡΟΥΔΑΚΗΣ 
970 |a ΚΑΡΑ  |b ΓΙΑΣΕΜΗ  |z 2007/07/24